000 00743nam a2200241Ia 4500
003 OSt
005 20220927105038.0
006 a|||||r|||| 00| 0
007 ta
008 220926b |||||||| |||| 00| 0 eng d
024 _a196228
037 _cReference Collections
040 _aRTL
_cRTL
_beng
041 _2eng
_aeng
082 _a"U671(JB).8.N72, L7.5"
110 _a"Australia,Senate sicence and the environment"
_9369879
245 0 _aEnvironment impact of the woodchip industry program
260 _c1977
300 _a4529p
_ccm.
700 _a"Australia,Senate sicence and the environment"
_9369880
942 _h"U671(JB).8.N72, L7.5"
_cCC
999 _c690469
_d690469